| 000 | 00549nam a2200217Ia 4500 | ||
|---|---|---|---|
| 003 | OSt | ||
| 005 | 20220924143515.0 | ||
| 006 | a|||||r|||| 00| 0 | ||
| 007 | ta | ||
| 008 | 220923b |||||||| |||| 00| 0 urd d | ||
| 024 | _a308618 | ||
| 037 | _cTextual | ||
| 040 |
_aARTS _cARTS _burd |
||
| 041 |
_2urd _aurd |
||
| 082 | _aO122,3M50,11, 168N5 | ||
| 100 |
_aFlopsaan _9216038 |
||
| 245 | 0 | _aEk dil | |
| 650 |
_aFRENCH LITERATURE _913614 |
||
| 942 |
_hO122,3M50,11, 168N5 _cTEXL _2CC |
||
| 999 |
_c454745 _d454745 |
||